• 首页
  • 本馆介绍
  • 公告通知
  • 最新文献
  • 馆藏检索
  • 电子资源
  • 读者导购
  • 参考咨询
  • 我的图书馆
  • 登录
  • 详细信息显示
  • 放入我的书架
  • 预约/预借图书
  • 作者相关作品
  • 分类相关作品
  • 丛书相关作品
  • 出版社相关作品

书目信息

  • 表格格式
  • 工作单格式
  • 卡片格式
题名:
苏联科技情报工作教程
    
 
作者: 翟云 译
分册:  
出版信息: 北京   科学技术文献出版社  1988.8
页数: 681页
开本: 20cm
丛书名:
单 册:
中图分类: G350 , G35
科图分类:
主题词: 科技情报-情报工作 , 情报工作-科技情报 , 情报工作
电子资源:
ISBN: 7-5023-0571-8
000 00964nam0 2200289 45
001 0189012407
005 20040429103923.9
010    @a7-5023-0571-8@dCNY6.85
020    @aCN@b89012407
100    @a19910105d1988 m y0chiy0120 ea
101 1  @achi@crus
102    @aCN@b110000
105    @ay z 000yy
106    @ar
200 10 @a苏联科技情报工作教程@Asu lian ke ji qing bao gong zuo jiao cheng@f翟 云等译@Fzhai yun deng yi
210    @a北京@c科学技术文献出版社@d1988.8
215    @a681页@d20cm
330    @a本书内容包括:情报理论和方法、文献类型及其分析加工、文献检索系统和语言、情报出版物的编辑和印刷、文献的现代复印技术、国际性情报组织及其活动等。
540 1  @a苏联 科技 情报 工作@Asu lian ke ji qing bao gong zuo
606    @a科技情报-情报工作
606    @a情报工作-科技情报
606 0  @a情报工作
690    @aG350@v1980
690    @aG35
701  0 @a翟云@Azhai yun@4译
801  0 @aCN@bNLC@c19910105
905    @f1@b214210@dG35@e59
    
    苏联科技情报工作教程/翟 云等译.-北京:科学技术文献出版社,1988.8
    681页;20cm
    
    
    ISBN 7-5023-0571-8:CNY6.85
    本书内容包括:情报理论和方法、文献类型及其分析加工、文献检索系统和语言、情报出版物的编辑和印刷、文献的现代复印技术、国际性情报组织及其活动等。
●
相关链接 在E读中查询图书 在五车中查询图书 在当当中查询图书 在豆瓣中查询图书


正题名:苏联科技情报工作教程     索取号:G35/59         预约/预借

序号 登录号 条形码 馆藏地/架位号 状态 备注
1 0214210   000309375   密集书库/ [索取号:G35/59] 在馆    
2 0214211   000309446   第一样本阅览室/ [索取号:G35/59] 在馆    
唐山师范学院图书馆 欢迎您!
大连网信软件有限公司© 版权所有